Koncepcia sociálneho poistenia - aktuálne otázky

Súčasný systém sociálneho poistenia na Slovensku. Analýza faktorov vedúcich k nevyhnutnosti sociálnej reformy. Hlavné riziká systému sociálneho poistenia. Krízové opatrenia prechodu. Diverzifikácia systému sociálneho zabezpečenia. Reforma dávkového systému.

Saved in:
Bibliographic Details
Main Author: Szabo, Michal
Format: Book Chapter
Language:Slovak
Subjects:
Tags: Add Tag
No Tags, Be the first to tag this record!

MARC

LEADER 00000naa a2200000 4500
001 r036792
005 20230929080559.4
041 0 |a slo 
044 |a SK 
245 1 0 |a Koncepcia sociálneho poistenia - aktuálne otázky  |c Michal Szabo 
520 |a Súčasný systém sociálneho poistenia na Slovensku. Analýza faktorov vedúcich k nevyhnutnosti sociálnej reformy. Hlavné riziká systému sociálneho poistenia. Krízové opatrenia prechodu. Diverzifikácia systému sociálneho zabezpečenia. Reforma dávkového systému. 
610 2 0 |a poistenie sociálne 
610 2 0 |a reformy 
610 2 0 |a zabezpečenie sociálne 
610 2 0 |a dávky poistné 
610 2 0 |a diverzifikácia 
610 2 0 |a Slovensko 
100 1 |a Szabo, Michal